000 00626nam a22002537a 4500
003 UA-OsUOA
001 24259
007 ta
008 20040211b un ||||| |||| 00| 0 ukr d
100 _aТищенко В.
090 _a94(477)(075.8)
_bТ47
942 _cBK
040 _aUA-OsUOA
_bukr
_cUA-OsUOA
_dUA-OsUOA
245 _aЛаконічна Україна
_bНавчальний посібник
300 _a126 с.
955 _a0
041 _aukr
080 _a94(477)(075.8)
020 _a966-7445-70-4
260 _aЛьвів
_bСполом
_c2000
044 _aUA
650 7 _2UDC
999 _c310526
_d310526